[Event "Sardegna Region-ch"]
[Site "Sardara"]
[Date "2010.04.17"]
[Round "2"]
[White "Galluzzi, Marco"]
[Black "Caglio, Luigi"]
[Result "0-1"]
[WhiteElo "1374"]
[BlackElo "2007"]
[PlyCount "124"]
[EventDate "2010.04.17"]
[EventType "swiss"]
[EventRounds "8"]
[EventCountry "ITA"]
[SourceTitle "EXT 2024"]
[Source "ChessBase"]
[SourceDate "2023.10.10"]
[SourceVersion "1"]
[SourceVersionDate "2023.10.10"]
[SourceQuality "1"]

1. Nf3 Nf6 2. Nc3 Nc6 3. d4 e6 4. a3 d5 5. Bf4 a6 6. h3 Be7 7. Bd2 0-0 8. e3 Bd6 9. Bd3 Ne7 10. Qe2 c5 11. b3 b5 12. dxc5 Bxc5 13. b4 Bd6 14. e4 e5 15. exd5 Bb7 16. 0-0 Qc7 17. Be4 Nexd5 18. Qd3 Nxc3 19. Bxb7 e4 20. Qxc3 Qxb7 21. Ne1 Rfe8 22. Be3 Rac8 23. Qb2 Bb8 24. g3 Qd7 25. Kh2 Be5 26. Qb1 Nd5 27. Ng2 Bxa1 28. Qxa1 Nxe3 29. Nxe3 Qd2 30. Kg2 Qc3 31. Qc1 Red8 32. Rd1 g6 33. h4 Qf6 34. Re1 Qf3+ 35. Kg1 Rd6 36. Rf1 Rcd8 37. c4 bxc4 38. Qxc4 Rd3 39. Qxa6 Rxe3 40. fxe3 Qxg3+ 41. Kh1 Qxh4+ 42. Kg1 Qg3+ 43. Kh1 Qh3+ 44. Kg1 Qxe3+ 45. Rf2 Qg3+ 46. Kf1 Rd1+ 47. Ke2 Qg4+ 48. Ke3 Rd3+ 49. Qxd3 exd3 50. Rd2 Qe6+ 51. Kd4 h5 52. Rxd3 h4 53. Re3 h3 54. b5 h2 55. Rxe6 fxe6 56. b6 h1Q 57. Kc5 Qd5+ 58. Kb4 Kf7 59. a4 Ke7 60. a5 Kd7 61. a6 Qc6 62. b7 Kc7 0-1